| 000 | 01121nam a2200289 a 4500 | ||
|---|---|---|---|
| 001 | BRCA_5420 | ||
| 005 | 20190320205053.0 | ||
| 008 | 740731s1955 nyua######---#000-0#eng-# | ||
| 041 | _aeng | ||
| 044 | _anyu | ||
| 050 | 4 |
_aNK4504.C36 _b.F76 1955 |
|
| 100 | 1 |
_aFrothingham, Alice Wilson _913847 |
|
| 245 | 1 | 0 |
_aCapodimonte and Buen Retiro porcelains _bperiod of Charles III _cby Alice Wilson Frothingham. |
| 260 |
_aNueva York _bOrder of the Trustees: Hispanic Society of America _c1955 |
||
| 300 |
_aviii, 55 p. _bil., 55 láminas _c22 cm. |
||
| 440 | 0 |
_aHispanic notes & monographs essays, studies, and brief biographies issued by the Hispanic Society of America _97657 |
|
| 500 | _aLa bilioteca tiene 2 ejemplares con el mismo número de inventario | ||
| 500 | _aIncluye índice alfabético | ||
| 500 | _aM26 | ||
| 504 | _aBibliografía: referencias inculidas en ´Notes´ p. 50-52 | ||
| 650 | 1 | 4 |
_aPorcelana _zCapodimonte, Italia _913848 |
| 650 | 1 | 4 |
_aPorcelana _zBuen Retiro, España _913849 |
| 650 | 1 | 4 |
_aPorcelana Italiana _913850 |
| 650 | 1 | 4 |
_aPorcelana española _913851 |
| 902 | _aGFM | ||
| 942 |
_2lcc _cB |
||
| 999 |
_c5114 _d5114 |
||